00631cam a22002052 450000100060000000300080000600500170001400800390003103500190007004000420008904100130013108200270014410000210017124500760019225000210026826000440028930000300033350400370036365000250040075559BD-RjUL20211209082717.0180114s1963 njua b 001 0 eng a(BD-RjUL)75777 aDLCcCSUdSERdUKMdEQOdBD-RjULbeng1 aenghfre a658.4034bMOM 19512231 aMorse, Philip M.10aMethods of operations research /cPhilip M. Morse and George E. Kimball a1rst ed. revised aLondon :bChamman & Hall,,cc1951[1958] a158 p. :billus. ;c27cm. aIncludes bibliography and index. 0aOperations research.